| Tag |
First Indicator |
Second Indicator |
Subfields |
| LEADER |
00000cam a2200000 a 4500 |
| 001 |
in00001207124 |
| 005 |
20151002091651.0 |
| 008 |
940217s1994 ilu b 001 0deng |
| 010 |
|
|
|a 94008675
|
| 020 |
|
|
|a 0226469271 (alk. paper)
|
| 020 |
|
|
|a 0226469298 (pbk. : alk. paper)
|
| 035 |
|
|
|a (OCoLC)29953006
|
| 035 |
|
|
|9 AGQ2860AM
|
| 040 |
|
|
|a DLC
|c DLC
|d TXA
|d UtOrBLW
|
| 049 |
|
|
|a TXAM
|
| 050 |
0 |
0 |
|a QB981
|b .L32 1994
|
| 082 |
0 |
0 |
|a 523.1
|2 20
|
| 100 |
1 |
|
|a Lattis, James M.
|
| 245 |
1 |
0 |
|a Between Copernicus and Galileo :
|b Christoph Clavius and the collapse of Ptolemaic cosmology /
|c James M. Lattis.
|
| 264 |
|
1 |
|a Chicago :
|b University of Chicago Press,
|c 1994.
|
| 300 |
|
|
|a xvii, 293 pages :
|b illustrations ;
|c 24 cm.
|
| 336 |
|
|
|a text
|b txt
|2 rdacontent
|
| 337 |
|
|
|a unmediated
|b n
|2 rdamedia
|
| 338 |
|
|
|a volume
|b nc
|2 rdacarrier
|
| 504 |
|
|
|a Includes bibliographical references and index.
|
| 650 |
|
0 |
|a Cosmology.
|
| 650 |
|
0 |
|a Astronomy, Medieval.
|
| 600 |
1 |
0 |
|a Clavius, Christoph,
|d 1538-1612.
|
| 600 |
0 |
0 |
|a Ptolemy,
|d active 2nd century.
|
| 999 |
|
|
|a MARS
|
| 999 |
f |
f |
|s 4ca4873e-89de-37eb-9e4c-5cfa055f23c5
|i 58159837-35ff-3f27-8828-8c9e9b6b0de9
|t 0
|
| 952 |
f |
f |
|p normal
|a Texas A&M University
|b College Station
|c Sterling C. Evans Library
|d Evans: Library Stacks
|t 0
|e QB981 .L32 1994
|h Library of Congress classification
|i unmediated -- volume
|m A14818723546
|
| 998 |
f |
f |
|a QB981 .L32 1994
|t 0
|l Evans: Library Stacks
|